[Event "Moscow Aeroflot op"]
[Site "Moscow"]
[Date "2002.02.05"]
[Round "1"]
[White "Loginov, Valery A"]
[Black "Wojtkiewicz, Aleksander"]
[Result "1-0"]
[WhiteElo "2524"]
[BlackElo "2535"]
[Annotator "Ribli,Z"]
[PlyCount "88"]
[EventDate "2002.02.04"]
[EventType "swiss"]
[EventRounds "9"]
[EventCountry "RUS"]
[SourceTitle "CBM 088"]
[Source "ChessBase"]
[SourceDate "2002.03.21"]
[SourceVersion "1"]
[SourceVersionDate "2002.03.21"]
[SourceQuality "1"]

1. Nf3 c5 2. g3 g6 3. Bg2 Bg7 4. c4 Nc6 5. Nc3 d6 {Dieser Zug wird selten
gespielt. Die Alternativen bieten Schwarz bessere Gegenchancen als der Textzug.
} (5... e6) (5... e5) 6. O-O Nf6 (6... Nh6 7. d4 $5) 7. d4 cxd4 8. Nxd4 Bd7 (
8... Nxd4 {Mit diesem Springertausch vereinfacht Schwarz die Stellung.} 9. Qxd4
O-O) 9. Nc2 {Weiß verhindert den möglichen Abtausch des Nd4. Der scheinbar
passive Nc2 kommt gewöhnlich über e3 gut ins Spiel.} O-O 10. b3 Qc8 {[%cal
Gd7h3] Schwarz bereitet 11...Bh3 nebst Läufertausch vor. Der Textzug gefällt
mir aber nicht - denn die Qc8 stört hier die Verbindung der Turm.} (10... Qa5
11. Bd2 (11. Bb2) 11... Qh5) 11. Re1 (11. Bb2 Bh3 12. Ne3 Bxg2 13. Kxg2 Rd8 14.
Qd2 b6 15. Ncd5 Nxd5 16. cxd5 Ne5 17. Bxe5 Bxe5 18. Rac1 Qb7 19. Rc6 {1-0
Ivanov,M-Zoch,W/Bad Zwesten 2002/CBM 86 ext (39)}) 11... Bh3 (11... a6 12. Bb2
Rb8 13. e4 b5 14. cxb5 axb5 15. Rc1 Qa6 16. Qe2 Qb6 17. Ne3 Bh6 18. Ncd5 Nxd5
19. Nxd5 Qa7 20. Ra1 Rfe8 21. Red1 Qc5 22. a3 {1-0 Shestakov,S-Mardijan,E/Tula
1999/EXT 2000 (53)}) 12. e4 {Anstelle der Partiefortsetzung ist auch 12.Bh1
mit Vermeidung des Läufertauschs gut spielbar..} (12. Bh1 h5 13. Bb2 Ng4 14.
Qd2 h4 15. Rab1 hxg3 16. hxg3 Qf5 17. e4 Qh5 18. Nd5 {1-0 Davies,N-Kaspi,A/
Vrnjacka Banja 1991/CBM 23/[Ribli] (59)}) 12... Bxg2 13. Kxg2 a6 (13... h5 14.
Bb2 Nh7 15. h4 Ne5 16. Ne3 Nf6 17. Ncd5 Re8 18. Nxf6+ Bxf6 19. Rb1 Bg7 20. f4 {
1-0 Montalban,A-Fernandez,F/Los Barrios 1995/EXT 98 (47)}) 14. Bd2 $5 {
Angesichts des Zuges b3 mag der Entwicklungszug 14.Bb2 geradezu als
Selbstgänger erscheinen. Aber der Textzug ist in der Tat noch stärker, denn
auf d2 steht der Läufer sicherer.} (14. Bb2) 14... Rb8 15. Rc1 {[%cal Gc1c8]
Die Dame steht schlecht auf der c-Linie. Die positionelle weiße Drohung lautet
16.Nd5.} b5 (15... e6 $5 {Dieser Zug schwächt zwar in der Tat den Pd6, aber er
nimmt das Feld d5 unter Kontrolle. Anschließend kann Schwarz Rfd8 ziehen.}) 16.
cxb5 axb5 17. Nd5 $14 {[%csl Gd5]} Qb7 (17... Nxd5 18. exd5 Ne5 19. Nb4 $14 {
[%csl Yc6] Weiß kontrolliert das Schlüsselfeld c6 - das ist ein großes
positionelles Loch in der schwarzen Stellung.}) 18. Ncb4 $5 Nxb4 (18... Nxd5 $4
19. Nxc6) 19. Rc7 {[%mdl 2048]} (19. Bxb4 Nxd5 20. Qxd5 (20. exd5 Ra8) 20...
Qd7 $11 (20... Qxd5 21. exd5 $14)) 19... Nd3 (19... Qa8 20. Nxe7+ Kh8 21. Bxb4
Nxe4 22. Qd5 f5 23. Re2 $14) (19... Nfxd5 20. Rxb7 Rxb7 21. exd5 Nxd5 $14 {
Schwarz hat N+R+P für Q.}) (19... Nbxd5 20. Rxb7 Rxb7 21. exd5 Nxd5 {Das ist
dieselbe Stellung wie in der Variante mit 19...Nfxd5.}) 20. Nxe7+ Kh8 21. Rxb7
Rxb7 {Interessant - Schwarz hätte zuvor den Re1 mit Schach schlagen können.} (
21... Nxe1+ 22. Qxe1 Rxb7 23. Nd5 $16) 22. Re3 Nxf2 {Durch diesen Zwischenzug
gewinnt Schwarz einen wichtigen Bauern.} (22... Nb2 23. Qc2 $18) (22... Nc5 23.
Nd5 Nfxe4 24. b4 Nxd2 25. Qxd2 Ne6 26. Nc3 $16) 23. Kxf2 (23. Nxg6+ fxg6 24.
Kxf2 Ng4+ 25. Kg2 Nxe3+ 26. Bxe3 Re7 $132) 23... Rxe7 {[%mdl 1024] Schwarz hat
R+N für Q, zudem hängt der weiße Pe4.} 24. e5 {Weiß verteidigt den schwachen
Bauern erst gar nicht. Mit diesem Bauernopfer führt Weiß die Schließung der
e-Linie herbei.} dxe5 (24... Rxe5 25. Rxe5 dxe5 26. Qe2 $14) 25. Bb4 Rd7 26.
Rd3 (26. Qe2 Rfd8 $132) 26... Rfd8 27. Rxd7 Rxd7 28. Qc2 {[%cal Gc2c8,Gc8h8]
Droht 29.Qc8+ mit sofortigem Gewinn.} h5 (28... Ng4+ 29. Ke2 $16) 29. a4 $1 {
[%csl Ga4] Der entfernte weiße a-Bauern ist sehr gefährlich für Schwarz.} bxa4
30. bxa4 Rd4 31. Be1 {[%csl Ge1] Der Be1 steht nur scheinbar passiv. Seine
wichtigste Aufgabe besteht darin, den a-Bauern zu unterstützen.} e4 {Schwarz
hat einiges Gegenspiel, denn seine Figuren stehen aktiv. Gegen den a-Bauern
hat er aber keine echte Verteidigung.} (31... Ne4+ 32. Ke2 $16) 32. a5 Rd3 33.
Ke2 Nd5 34. Qa4 $16 {[%csl Ga4,Re4,Rf7][%cal Ra4e4,Ra4e8] Die Dame steht
ausgezeichnet auf a4. Jetzt hängt der Pe4, und es droht gleichzeitig 35.Qe8+.
Nach dem Textzug hat Schwarz viele Schachs, kann aber nichts Konkretes
erreichen.} (34. a6 Re3+ 35. Kd1 (35. Kf1 Rf3+ 36. Kg1 Bd4+ $19) 35... Rd3+ 36.
Kc1) 34... Re3+ 35. Kd1 Rd3+ 36. Kc1 $5 (36. Kc2 Ne3+ 37. Kc1 Rd1+ 38. Qxd1
Nxd1 39. Kxd1 Bd4 40. Ke2 e3 41. Bb4 Kg7 42. Bd6 $16) 36... Bh6+ 37. Kb1 Bd2 {
Schwarz muss den Be1 abtauschen.} 38. Bxd2 Rxd2 39. Kc1 e3 (39... Rxh2 40. Qd4+
$18 {[%cal Rd4d5,Rd4h8]}) 40. a6 $18 {Der a-Bauer entscheidet die Partie.} Kh7
(40... Nc3 41. Qe8+ Kg7 42. Qe5+ $18 {[%cal Re5c3,Re5g7]}) 41. a7 Nc3 42. Qc4
Na2+ (42... Ne2+ 43. Kb1 $18) 43. Kb1 Rf2 44. a8=Q e2 (44... e2 45. Qh8+ (45.
Qh1 $18) 45... Kxh8 46. Qd4+ Kg8 47. Qxf2 $18) 1-0

[Event "RUS-ch KO"]
[Site "Moscow"]
[Date "1999.12.20"]
[Round "3.2"]
[White "Shcherbakov, Ruslan"]
[Black "Dvoirys, Semen I"]
[Result "0-1"]
[WhiteElo "2541"]
[BlackElo "2590"]
[Annotator "Ribli,Z"]
[PlyCount "62"]
[EventDate "1999.12.04"]
[EventType "k.o."]
[EventRounds "6"]
[EventCountry "RUS"]
[SourceTitle "CBM 075"]
[Source "ChessBase"]
[SourceDate "2000.04.05"]
[SourceVersion "1"]
[SourceVersionDate "2000.04.05"]
[SourceQuality "1"]

1. Nf3 c5 2. c4 Nf6 3. g3 Nc6 4. Nc3 d5 5. cxd5 Nxd5 6. Nxd5 {Dieser
Springertausch hat nichts für Weiß zu bieten. Schwarz bekommt gleiches Spiel.}
(6. Bg2 {Mit diesem Zug darf Weiß eher auf Eröffnungsvorteil hoffen. Schwarz
kann mit 6...g6, 6...e6 oder 6...Nc7 fortsetzen.}) 6... Qxd5 7. Bg2 g6 (7... e5
{Das wäre die andere gute Fortsetzung für Schwarz.} 8. d3 Be7 9. O-O Qe6 $11)
8. O-O Bg7 9. d3 O-O 10. Be3 Bxb2 {Schwarz nimmt die Einladung an. Er hat
keine Angst vor weißen Kompensationsbemühungen am Damenflügel.} (10... Bd7 {
Das ist eine ruhige Alternative, mit der Schwarz gleiche Chancen bekommt.} 11.
Nd4 Qd6 12. Nxc6 Bxc6 13. Bxc6 Qxc6 14. Rc1 Qe6 15. Rxc5 Qxa2 $11) 11. Rb1 (11.
Nd4 $6 Qd6 12. Nxc6 Bxa1 13. Qxa1 bxc6 14. Bh6 f6 15. Bxf8 Kxf8 16. Rc1 Rb8 17.
Qc3 Bg4 $15) 11... Bg7 (11... Bf6) 12. Nd4 $6 (12. Qa4 $5 $44 {Ich empfehle
diesen Zug statt der Partiefortsetzung. Anschließend kann Weiß Rfc1 spielen.})
12... Qxa2 (12... Qd6 13. Nxc6 bxc6 14. Qa4 Be6 15. Rb7 Bd5 16. Rc1 Bd4 17.
Bxd4 cxd4 18. Bxd5 cxd5 19. Rcc7 e6 20. Qxd4 a5 21. Rd7 Qa3 22. Qf6 Qc1+ 23.
Kg2 Qh6 24. Rxf7 Rxf7 25. Qxf7+ Kh8 26. Qf6+ {1-0 Lange,W-Rellstab,L/Bad
Pyrmont 1950/EXT 2000 (26)}) 13. Nxc6 bxc6 14. Bxc6 (14. Bxc5 Bg4 15. f3 Be6
16. d4 (16. Bxe7 Bd4+ 17. Kh1 Rfb8 $15) 16... Rfb8 17. Ra1 Qb2 18. e3 Qc3 19.
Qc1 Rb3 20. Qxc3 Rxc3 21. Ra3 Rxa3 22. Bxa3 Bd5 23. f4 f5 24. Bxd5+ cxd5 25.
Bxe7 a5 26. Ra1 a4 27. Kf2 Bf8 {0-1 Moskow,E-London,D/New York 1993/EXT 97 (34)
}) 14... Bh3 15. Bxa8 (15. Re1 $6 Rab8 $17) 15... Rxa8 (15... Bxf1 16. Bf3 Bh3
17. Bxc5 Bf6 18. d4 Rd8 19. e3 e5 20. d5 Rc8 21. Ra1 Qb2 22. Ba3 Qc3 23. e4 {
1-0 Vigus,J-Condie,M/Swansea 1995/EXT 97 (40)}) 16. Re1 (16. Bxc5 $4 Qd5 $19 {
[%cal Rd5g2,Rd5c5]}) 16... Bc3 17. Rc1 (17. f3 Rd8 18. Bxc5 Bxe1 19. Qxe1 Rxd3
20. Ra1 Qc2 21. Rc1 Qd2 22. Bxa7 Qxe1+ {1/2-1/2 Kharitonov,A-Korsunsky,R/USSR
1979/Inf 27 (22)}) 17... Bxe1 18. Qxe1 a5 $1 $15 {Schwarz kümmert sich nicht
um die Verteidigung des Pc5 - sein a-Bauer ist stark genug.} (18... Rc8 19. f3
{Mit diesem Zug vermeidet Weiß Motive mit Qd5.} Qe6 20. Kf2 (20. Bxc5 $2 Rxc5
$1 21. Rxc5 Qe3+ 22. Qf2 Qd2 23. Kh1 Qd1+ 24. Qg1 Qxe2 $19) 20... c4 $11) 19.
f3 {Früher oder später muss Weiß diesen Zug ausführen.} (19. Bxc5 e5 20. f3 h5
21. Kf2 a4 22. Qc3 Qd5 23. Ba3 Qb3 24. Qc5 Rc8 25. Qd6 Rxc1 26. Qf8+ Kh7 27.
Bxc1 Qb6+ 28. Be3 Qe6 29. Qh6+ Kg8 30. Bc5 {1/2-1/2 Titz,H-Schroll,G/Austria
1990/TD (56)}) 19... a4 {[%mdl 4]} 20. Kf2 {Ein profilaktischer Zug - Weiß
verteidigt den Pe2 mit dem König, um die Dame von dieser Aufgbe zu entbinden.}
a3 21. Rxc5 Qb2 {Schwarz hat einfaches Spiel - er treibt seinen a-Bauern voran.
} 22. Ra5 (22. Rc1 a2 $17) 22... Rc8 (22... Rxa5 $2 23. Qxa5 $132 {[%csl Rg8]}
a2 $4 24. Qd8+ Kg7 25. Bd4+ $18) 23. Qd2 Qb1 {[%cal Rb1f1,Rf1f2]} 24. Qe1 $8 (
24. Ba7 Qf1+ 25. Ke3 Rc6 $40) (24. g4 Qf1+ 25. Kg3 Qg2+ 26. Kh4 (26. Kf4 Qxh2+
$19) 26... Bxg4 $19) 24... a2 25. Bd4 {Der Läufer kontrolliert das Feld a1
sowie g7-h8. Schwarz muss also vorsichtig sein.} f6 $17 {Alles ist verteidigt
in der schwarzen Stellung, und Weiß hat kein Gegenspiel. Der Pa2 und die
aktiven schwarzen Figuren sind kaum zu bendigen.} 26. g4 Rc2 27. Ra7 Kf7 28. g5
{Dieses Bauernopfer hilft nichts, aber guter Rat war ohnehin schon teuer.} (28.
Be3 Qb8 $17 {[%cal Rb8h2]}) 28... fxg5 29. Be3 Qb8 {[%cal Rb8h2]} 30. Qg1 (30.
Kg1 Qe5 $19) 30... Bf5 $19 {Es droht das toedliche 31...Bxd3 - und Weiß hat
keine Verteidigung.} 31. Ra5 (31. Ra3 Qb2 $19 {[%cal Rb2e2,Rb2a3]}) 31... Bxd3
{Und Weiß gab in völlig hoffnungsloser Stellung auf.} 0-1

[Event "USA-ch"]
[Site "USA"]
[Date "1989.??.??"]
[Round "15"]
[White "Seirawan, Yasser"]
[Black "Dlugy, Maxim"]
[Result "1-0"]
[WhiteElo "2585"]
[BlackElo "2530"]
[Annotator "Ribli,Z"]
[PlyCount "79"]
[EventDate "1989.11.??"]
[EventType "tourn"]
[EventRounds "15"]
[EventCountry "USA"]
[EventCategory "12"]
[SourceTitle "CBM 019"]
[Source "ChessBase"]
[SourceDate "1990.12.01"]
[SourceVersion "1"]
[SourceVersionDate "1990.12.01"]
[SourceQuality "1"]

1. c4 c5 2. g3 g6 3. Bg2 Bg7 4. Nc3 Nc6 5. a3 b6 6. Nf3 (6. b4 cxb4 7. axb4 Bb7
8. Rb1 Qc8 9. Nd5 e6 10. Ne3 Ne5 $13 {Seirawan,Y-Sax,G Haninge 1990 CBM 18}) (
6. e3 $5 Bb7 7. Nge2 Na5 8. Bxb7 Nxb7 9. b4 Nf6 10. Bb2 O-O 11. O-O d5 12. cxd5
Nxd5 13. Qb3 $13 {King,D-Motwani,P Blackpool zt 1990 CBM 18}) 6... Bb7 7. O-O
Nf6 8. Rb1 O-O 9. b4 Nd4 $2 (9... cxb4 10. axb4 d5) 10. bxc5 Bxf3 11. exf3 bxc5
12. Qa4 Qc7 13. d3 Rab8 14. Be3 Rb6 (14... d6 15. Bxd4 cxd4 16. Nb5 $16) 15.
Nb5 $1 Nxb5 16. Rxb5 Rxb5 17. Qxb5 d6 18. Rb1 $16 Nd7 19. Qb7 Rc8 20. Qxc7 Rxc7
21. Bd2 Nb6 22. a4 $1 e6 23. a5 Nd7 24. f4 a6 25. Bb7 Nb8 26. Rb6 $18 Bf8 27.
Bxa6 Nxa6 28. Rxa6 Rb7 29. Rb6 $1 Ra7 30. a6 Ra8 31. Kf1 d5 32. Ke2 Bg7 33. Be3
d4 34. Bc1 Bf8 35. Kd1 Kg7 36. g4 Kf6 37. f3 Ke7 38. Rb7+ Kd6 39. a7 Be7 40.
Ba3 {Ribli} 1-0

[Event "United Insurance 4th"]
[Site "Dhaka"]
[Date "1999.03.01"]
[Round "11"]
[White "Wojtkiewicz, Aleksander"]
[Black "Szekely, Peter"]
[Result "1-0"]
[WhiteElo "2570"]
[BlackElo "2444"]
[Annotator "Ribli,Z"]
[PlyCount "115"]
[EventDate "1999.02.19"]
[EventType "tourn"]
[EventRounds "13"]
[EventCountry "BAN"]
[EventCategory "10"]
[SourceTitle "CBM 070"]
[Source "ChessBase"]
[SourceDate "1999.06.08"]
[SourceVersion "1"]
[SourceVersionDate "1999.06.08"]
[SourceQuality "1"]

{[%mdl 4128]} 1. Nf3 Nf6 2. c4 g6 3. g3 c5 4. Bg2 Bg7 5. d4 cxd4 6. Nxd4 O-O (
6... d5 {Dies wäre meines Erachtens die prinzipielle schwarze Fortsetzung.
Ribli.}) 7. Nc3 Nc6 8. O-O Qa5 {Eine seltene, aber von Szekely gern gespielte
Nebenvariante. Weiß bekommt eine kleine, aber nachhaltige Initiative.} (8...
Nxd4 9. Qxd4 d6) (8... Ng4) (8... d6 {Dieser Bauernopfer bietet Schwarz
aktives Gegenspiel am Damenflügel.}) 9. Nc2 $5 d6 (9... Qh5 10. e4 $14) 10. Ne3
{[%csl Yd5] Der weiße Springer strebt nach d5, der positionellen Schwäche im
schwarzen Lager.} (10. Bd2 Qh5 11. e4 Qxd1 (11... Ng4 12. h3 Nge5 13. Ne3 (13.
g4 Qh4 $13) 13... Bxh3 14. Qxh5 gxh5 15. f4 Bxg2 16. Kxg2 Ng4 17. Rac1 $13 {
[%csl Rh5][%cal Rf1h1,Rh1h5]}) 12. Raxd1 Nd7 {[%cal Gd7c5]} 13. b3) 10... Ng4 {
Ein logischer Zug. Schwarz öffnet die Diagonale h8-a1 und tauscht den weißen
Springer.} (10... Qh5 11. Ned5 Nxd5 12. Nxd5 Bg4 (12... Rb8 13. Rb1 g5 14. b4
Re8 15. Bb2 Bf5 16. Bxg7 Bxb1 17. Ba1 Bf5 18. f4 gxf4 19. gxf4 f6 20. b5 Kf7
21. bxc6 bxc6 22. Ne3 {1/2-1/2 Khasin,A-Veinger,I/Rishon le Zion 1992/CBM 33
ext (42)}) 13. Re1 Rac8 14. h3 Be6 15. Be3 g5 16. Qd2 h6 17. g4 Qg6 18. f4 Bxd5
19. Bxd5 gxf4 20. Bxf4 Ne5 21. b3 e6 22. Bg2 f5 23. gxf5 Rxf5 24. Rad1 Rcf8 25.
Rf1 R8f6 26. Qe3 Qf7 27. Bg3 {1-0 Arbakov,V-Osieka,U/St.Ingbert op 1995/EXT 97
(42)}) (10... Bd7 11. Bd2) 11. Nxg4 (11. h3 Nxe3 12. Bxe3 Qb4 13. Qb3 Be6 14.
Nd5 Qxb3 15. axb3 Bxd5 16. Bxd5 Bxb2 17. Ra4 a5 18. Rd1 Rfb8 19. h4 Ra6 20. h5
Ne5 21. hxg6 hxg6 22. Bd2 e6 23. Bg2 Rb6 {1/2-1/2 Nilssen,J-Koerholz,L/
Taastrup 1997/EXT 99 (90)}) (11. Ned5 $6 e6) 11... Bxg4 12. Bd2 $11 {Die
Stellung ist gleich. Der theoretische weiße Vorteil wegen der Schwäche des
Feldes d5 ist ohne Bedeutunmg, denn Schwarz hat gutes Figurenspiel.} Qb4 {
[%cal Rb4b2,Rb4c4]} (12... Qh5 $142 $5 {[%csl Gh5] Die schwarze Dame steht
ausgezeichnet auf h5. Es droht 13...Bxc3 nebst 14...Bxe2 und Schwarz kann mit .
..Bh3 den gefährlichen weißen Läufer tauschen.} 13. f3 Bh3 14. g4 $2 Qc5+ $17)
13. Bd5 $1 (13. Qb3 a5 $15) 13... Qb6 {Schwarz hat Angst vor Komplikationen
und wählt eine passive Fortsetzung.} (13... Qxb2 $5 14. Rb1 Qa3 15. Rxb7 Bxc3
16. Bxc6 (16. Rb3 Qxa2 17. Bxc3 Bxe2 {[%cal Re2d1,Re2f1]})) (13... e6 14. Na4
$18 {[%csl Rb4]}) 14. b3 $14 {Weiß hat den traditionellen Vorteil. Er
kontrolliert mehr Raum und die schwarze Dame steht unglücklich auf b6.} Bh3 15.
Re1 Rad8 (15... e6 16. Bh1 f5 $5) 16. Rc1 Rfe8 (16... Bd4 17. e3 Bg7) 17. Be3
Qa5 18. Na4 (18. Qd2 e6 19. Bh1 $14) 18... Bd7 {Schwarz spielt passiv. Wenn
sich eine Möglichkeit für aktives Spiel ergibt, wählt er stets die ruhige
Fortsetzung.} (18... e6 $5 19. Bh1 d5 20. cxd5 exd5 21. Rc5 Qb4 22. Rxd5 Rxd5
23. Bxd5 Rd8 $44) 19. Bd2 Qa6 20. Bg2 Be6 (20... Ne5 21. Nc3 Bc6 $5 $11) 21.
Bc3 {Weiß tauscht den starken Läufer g7.} Bxc3 22. Nxc3 Qa5 23. Qd2 {Der weiße
Vorteil ist minimal, denn Schwarz hat keine Schwächen.} Rc8 24. Red1 f6 {
Nachdem der Fianchettoläufer getauscht ist, kann Schwarz diesen Zug machen.}
25. Qb2 Qe5 {[%cal Ge5b2] Schwarz provoziert den Zug f2-f4.} 26. Rd3 Bf7 27. a3
{Langsam bereitet Weiß den Bauernvorstoß am Damenflügel vor.} f5 28. e3 Qf6 29.
Rdd1 {Weiß findet keinen konkreten Plan und macht wie Schwarz Abwartezüge.} Kg7
30. Qd2 Red8 31. Nb5 a6 $6 {Das ist ein Reflexzug, der in Wirklichkeit
freiwillig das Feld b6 schwächt.} 32. Nc3 e6 33. Na4 {[%csl Yb6]} Rc7 34. Nb6 {
[%csl Gb6] Der weiße Springer steht ausgezeichnet auf b6 und lähmt den
schwarzen Damenflügel.} Kg8 35. b4 $36 Qe7 36. Rc3 {[%csl Rd6][%cal Rc3d3,
Rd3d6]} g5 $1 {[%cal Gf7h5,Gh5d1] Bis hier spielte Schwarz passiv, findet aber
jetzt gutes Gegenspiel.} 37. Rd3 Bh5 38. f3 (38. Rc1 Ne5 39. Rd4 Nf3+ 40. Bxf3
Bxf3 $15 {[%csl Gf3]}) 38... Ne5 {[%cal Re5d3,Re5f3]} 39. Rxd6 Nxf3+ (39...
Rxd6 40. Qxd6 Nxf3+) 40. Bxf3 Rxd6 41. Qxd6 Bxf3 (41... Qxd6 $2 42. Rxd6 Bxf3
43. Rxe6 $16) 42. Qxe7 Rxe7 43. Rd8+ Kg7 44. Kf2 g4 (44... Bc6 45. a4 $14 {
[%csl Gb6]}) 45. a4 {[%csl Gb6]} Rc7 46. b5 axb5 47. axb5 Kf6 48. Ke1 {[%cal
Ge1d2,Gd2c3,Gc3b4]} Ke7 49. Rd3 {[%csl Gb6,Rc7][%cal Gd3d8] Weiß muß die
d-Linie mit dem Turm behaupten, sonst gelangt der schwarze König zum
Damenflügel.} (49. Rh8 $2 Kd6 $17 {[%csl Rb6][%cal Rd6c5]}) 49... e5 50. Kd2
Be4 {[#]} 51. Rd5 $1 {Eine schöne Idee! Das Bauernendspiel wäre für Weiß
gewonnen.} Ke6 (51... Bxd5 52. Nxd5+ Kd6 53. Nxc7 Kxc7 54. c5 {[%csl Gb5,Gc5]}
h5 (54... Kd7 55. e4 f4 56. gxf4 exf4 57. e5 $18) 55. e4 $1 f4 (55... fxe4 56.
Ke3 $18) 56. gxf4 exf4 57. e5 {[%csl Gb5,Gc5,Ge5]} h4 (57... g3 58. hxg3 fxg3
59. Ke3 $18) (57... Kd7 58. b6 h4 59. e6+ Kxe6 60. c6 $18) 58. Ke2 g3 59. hxg3
h3 60. Kf3 h2 61. Kg2 fxg3 62. e6 $18) 52. Rd8 Ke7 53. Rh8 {Jetzt, wenn der
weiße König nach b4 gelangen kann, kann Weiß die d-Linie aufgeben.} Kd6 $6 (
53... Ke6) 54. Kc3 $16 {Weiß hat die Bauernmehrheit am Damenflügel und Schwarz
muß sich wieder passiv verteidigen.} Rf7 $2 (54... Kc5 55. Na4+ Kd6 56. Kb4 $16
{[%csl Gb5,Gc4]}) (54... Ke6 55. Kb4 $16) 55. Re8 {[%csl Rd6] Der schwarze
König ist in der Falle. Mit wenig Material strickt Weiß ein Mattnetz.} Rc7 (
55... Kc7 56. c5 $18 {[%csl Rc7][%cal Re8c8,Rc8c7]}) (55... Re7 56. Nc8+ $18 {
[%cal Rc8d6,Rc8e7]}) 56. Kb4 $18 h5 (56... Rf7) 57. c5+ $18 {[%csl Rd6]} Rxc5
58. Rd8+ {Schwarz gab auf.} (58. Rd8+ Kc7 (58... Ke7 59. Rd7+ $18) 59. Rc8+
Kxb6 60. Rxc5 $18 {[%cal Rc5e5]}) 1-0